000
00295nam a22001457a 4500
999
_c
9822
_d
9822
003
OSt
005
20210204150413.0
008
210128b ||||| |||| 00| 0 eng d
040
_c
DDC
050
_b
ES82F
082
_b
ES82F
100
_a
Estrada, Chris
245
_a
Finisher
942
_2
ddc
_c
BK